The law and the future (Record no. 441509)

000 -LEADER
fixed length control field 00312cam a22001217a 4500
008 - FIXED-LENGTH DATA ELEMENTS--GENERAL INFORMATION
fixed length control field 180718b1955 xxu||||| |||| 00| 0 eng d
082 ## - DEWEY DECIMAL CLASSIFICATION NUMBER
Classification number G9 W252
100 ## - MAIN ENTRY--PERSONAL NAME
Personal name Warren, Earl
245 ## - TITLE STATEMENT
Title The law and the future
Statement of responsibility, etc. by Earl Warren
260 ## - PUBLICATION, DISTRIBUTION, ETC.
Place of publication, distribution, etc. New York
Name of publisher, distributor, etc. American breakthrough
Date of publication, distribution, etc. 1955
300 ## - PHYSICAL DESCRIPTION
Extent 16p.
650 ## - SUBJECT ADDED ENTRY--TOPICAL TERM
Topical term or geographic name entry element Law
Holdings
Withdrawn status Lost status Damaged status Not for loan Permanent Location Current Location Date acquired Full call number Barcode Date last seen Price effective from Koha item type
        Indian Institute of Public Administration Indian Institute of Public Administration 2011-01-11 G9 W252 18656 2018-07-21 2018-07-21 Book

Powered by Koha